00749nam a2200205 a 450000500170000000800410001702000180005805000260007610000190010224500880012126000460020930000170025544000270027250000270029965000440032665000180037065000210038899900190040995201150042820140412111350.0050426s19uu xx 00 eng d a0-02-660934-7 aTR(GS 372.4bH34 2000 aHerzoff, Karen aThe best lunch :bdecodable book /cby Karen Herzoff ; illustrated by Jack Compton. aColumbus, Ohio :bSRA/McGraw-Hill,c2000. a16 p. ; ill. aSRA Open Court Reading aLevel C, Set 1, Book 5 aReadingxPhoneticsxJuvenile literature aFoodxFiction aChildren stories c105299d105299 001040aELbELcTRd2005-04-26eDonationl0oTR(GS 372.4 H34 2000pE9840r2014-04-12 00:00:00w2014-04-12yBK